Подробности
| 000 -МАРКЕР |
| контрольное поле |
03849nam0a2200397 4500 |
| 001 - ИДЕНТИФИКАТОР ЗАПИСИ |
| контрольное поле |
RU\NLR\BIBL_A\016211726 |
| 005 - ИДЕНТИФИКАТОР ВЕРСИИ |
| контрольное поле |
20230125124732.0 |
| 010 ## - МЕЖДУНАРОДНЫЙ СТАНДАРТНЫЙ НОМЕР КНИГИ (ISBN) |
| Номер (ISBN) |
978-5-6048079-1-0 |
| Тираж |
1000 |
| 021 ## - НОМЕР ГОСУДАРСТВЕННОЙ РЕГИСТРАЦИИ |
| Код страны |
Российская Федерация |
| Номер |
КН-П-22-070923 |
| Номер Листа государственной регистраци |
КН-П-22-6178 |
| 035 ## - ДРУГИЕ СИСТЕМНЫЕ НОМЕРА |
| Идентификатор записи |
(NLR Aleph) 016211726 |
| 035 ## - ДРУГИЕ СИСТЕМНЫЕ НОМЕРА |
| Идентификатор записи |
(RuMoRGB)011289575 |
| 100 ## - ДАННЫЕ ОБЩЕЙ ОБРАБОТКИ |
| Данные общей обработки |
20221118d2022 u y0rusy50 ca |
| 101 0# - ЯЗЫК РЕСУРСА |
| Язык текста, звукозаписи и т.д. |
русский |
| 102 ## - СТРАНА ПУБЛИКАЦИИ ИЛИ ПРОИЗВОДСТВА |
| Страна публикации |
Российская Федерация |
| 105 ## - ПОЛЕ КОДИРОВАННЫХ ДАННЫХ: ТЕКСТОВЫЕ МАТЕРИАЛЫ, МОНОГРАФИЧЕСКИЕ |
| Кодированные данные о монографическом текстовом документе |
a j 000zy |
| 181 #0 - ПОЛЕ КОДИРОВАННЫХ ДАННЫХ: ВИД СОДЕРЖАНИЯ |
| Код вида содержания (ISBD) |
i3 |
| Код характеристики содержания (ISBD) |
axxe |
| 182 #0 - ПОЛЕ КОДИРОВАННЫХ ДАННЫХ: ТИП СРЕДСТВА |
| Код типа средства (ISBD) |
n - непосредственное |
| 200 1# - ЗАГЛАВИЕ И СВЕДЕНИЯ ОБ ОТВЕТСТВЕННОСТИ |
| Основное заглавие |
Кисты почек |
| Сведения, относящиеся к заглавию |
учебно-методическое пособие |
| -- |
для врачей общей практики, врачей-хирургов, нефрологов, урологов, аспирантов и ординаторов, обучающихся по специальности "урология", студентов медицинских вузов старших курсов |
| Первые сведения об ответственности |
В. А. Малхасян, С. О. Сухих, М. А. Васильева, К. Б. Колонтарев |
| Последующие сведения об ответственности |
Федеральное государственное бюджетное образовательное учреждение высшего образования "Московский государственный медико-стоматологический университет имени А. И. Евдокимова" Министерство здравоохранения Российской Федерации, Кафедра урологии |
| 203 ## - ВИД СОДЕРЖАНИЯ И ТИП СРЕДСТВА |
| Вид содержания |
Текст |
| Дополнительные сведения об издании |
визуальный |
| Тип средства |
непосредственный |
| 210 ## - ПУБЛИКАЦИЯ, РАСПРОСТРАНЕНИЕ И ДР. |
| Место издания, распространения и т.д. |
Москва |
| Имя издателя, распространителя и т. д. |
АБВ-пресс |
| Дата издания, распространения и т.д. |
2022 |
| 215 ## - ФИЗИЧЕСКАЯ ХАРАКТЕРИСТИКА |
| Специфическое обозначение материала и объем |
45 с. |
| Другие сведения о физической характеристике |
цв. ил., табл. |
| Размеры |
21 |
| 300 ## - ОБЩИЕ ПРИМЕЧАНИЯ |
| Текст примечания |
На обороте тит. составители: Малхасян В. А., д-р мед. наук, проф., Сухих С. О., канд. мед. наук, врач-уролог, Васильева М. А., канд. мед. наук, Колонтарев К. Б., д-р мед. наук, проф. |
| 320 ## - ПРИМЕЧАНИЯ О НАЛИЧИИ В ДОКУМЕНТЕ БИБЛИОГРАФИИ / УКАЗАТЕЛЯ |
| Текст примечания |
Библиогр.: с. 38-45 (99 назв.) |
| 330 ## - РЕЗЮМЕ ИЛИ РЕФЕРАТ |
| Текст примечания |
Учебно-методическое пособие посвящено этиологии, патогенезу, диагностике и влиянию кист почек на функции организма, а также показаниям и методам лечения кист почек. В пособии представлен актуальный клинический материал, полученный на кафедре урологии ФГБОУ ВО "МГМСУ им. А. И. Евдокимова" под руководством доктора медицинских наук, академика РАН Д. Ю. Пушкаря. Учебно-методическое пособие предназначено для врачей общей практики, врачей- хирургов, нефрологов, урологов, аспирантов и ординаторов, обучающихся по специальности "урология", студентов медицинских вузов старших курсов |
| 606 1# - НАИМЕНОВАНИЕ ТЕМЫ КАК ПРЕДМЕТ |
| Наименование темы |
Почки |
| Формальный подзаголовок |
Учебно-методические пособия |
| Тематический подзаголовок |
Кисты |
| Системный номер авторитетной/нормативной записи |
1352273 |
| Идентификатор авторитетной/нормативной записи |
RU\NLR\AUTH\66564848 |
| 675 ## - УНИВЕРСАЛЬНАЯ ДЕСЯТИЧНАЯ КЛАССИФИКАЦИЯ (UDC/УДК) |
| Индекс |
616.61-006 |
| Издание |
4 |
| 686 1# - ИНДЕКСЫ ДРУГИХ КЛАССИФИКАЦИЙ |
| Индекс |
Р696.540.50я7 |
| 701 #1 - ИМЯ ЛИЦА - АЛЬТЕРНАТИВНАЯ ОТВЕТСТВЕННОСТЬ |
| Начальный элемент ввода |
Малхасян |
| Часть имени, кроме начального элемента ввода |
В. А. |
| Расширение инициалов личного имени |
Виген Андреевич |
| 701 #1 - ИМЯ ЛИЦА - АЛЬТЕРНАТИВНАЯ ОТВЕТСТВЕННОСТЬ |
| Начальный элемент ввода |
Сухих |
| Часть имени, кроме начального элемента ввода |
С. О. |
| Расширение инициалов личного имени |
Сергей Олегович |
| 701 #1 - ИМЯ ЛИЦА - АЛЬТЕРНАТИВНАЯ ОТВЕТСТВЕННОСТЬ |
| Начальный элемент ввода |
Васильева |
| Часть имени, кроме начального элемента ввода |
М. А. |
| Дополнения к именам, кроме дат |
канд. мед. наук, ультразвуковая диагностика |
| Расширение инициалов личного имени |
Мария Александровна |
| Системный номер авторитетной/нормативной записи |
251019 |
| Идентификатор авторитетной/нормативной записи |
RU\NLR\AUTH\770251075 |
| 701 #1 - ИМЯ ЛИЦА - АЛЬТЕРНАТИВНАЯ ОТВЕТСТВЕННОСТЬ |
| Начальный элемент ввода |
Колонтарев |
| Часть имени, кроме начального элемента ввода |
К. Б. |
| Расширение инициалов личного имени |
Константин Борисович |
| 942 ## - ДОПОЛНИТЕЛЬНЫЕ ЭЛЕМЕНТЫ ЗАПИСИ (АБИС) |
| Тип экземпляра АБИС |
Книга |
| 980 ## - КОЛЛЕКЦИЯ |
| Название коллекции |
Национальная библиография |